000 00763nam a2200265Ia 4500
003 OSt
005 20220925230716.0
006 a|||||r|||| 00| 0
007 ta
008 220923b |||||||| |||| 00| 0 eng d
020 _a1 84277 480 8
037 _cGeneral Book
040 _aRTL
_cRTL
_beng
041 _2eng
_aeng
082 _aX:54.1,hN95, P3
100 _aDas Bhagirath Lal
_9294191
245 0 _aWorld Trade Organization and the multilateral trading system
260 _aLondon
_bZed Books U. K.
_c2003
300 _axiii, 249p
_ccm.
500 _aBibliography p.239-42
650 _a Economics
650 _aInternational Trade
942 _hX:54.1,hN95, P3
_cGB
_2CC
999 _c586402
_d586402